[Event "EU Union-ch 3rd"]
[Site "Arvier"]
[Date "2007.06.16"]
[Round "2"]
[White "Frank, Albert"]
[Black "Russo, Carmelo"]
[Result "1-0"]
[WhiteElo "1987"]
[BlackElo "1665"]
[PlyCount "55"]
[EventDate "2007.06.15"]
[EventType "swiss"]
[EventRounds "10"]
[EventCountry "ITA"]
[SourceTitle "CBM 118 Extra"]
[Source "ChessBase"]
[SourceDate "2007.07.04"]
[SourceVersion "1"]
[SourceVersionDate "2007.07.04"]
[SourceQuality "1"]

1. Nf3 d5 2. c4 c5 3. cxd5 Qxd5 4. g3 Nc6 5. Bg2 Bg4 6. Qa4 Qd7 7. a3 Nf6 8. 0-0 g6 9. b4 cxb4 10. axb4 Bh3 11. b5 Nd8 12. Ne5 Qc8 13. b6+ Bd7 14. Nxd7 Qxd7 15. Qxa7 Rc8 16. Ra3 e6 17. Rd3 Nd5 18. e4 Qb5 19. exd5 Bc5 20. Qa1 0-0 21. Rf3 Qxb6 22. Nc3 Bd4 23. Ba3 Re8 24. d6 Ra8 25. Qb2 Qa6 26. d7 Rf8 27. Bxf8 Kxf8 28. Qb4+ 1-0

[Event "EU-ch Seniors 06th"]
[Site "Davos"]
[Date "2006.08.13"]
[Round "9"]
[White "Frank, Albert"]
[Black "Ziltener, Werner"]
[Result "1/2-1/2"]
[WhiteElo "2010"]
[BlackElo "2078"]
[PlyCount "73"]
[EventDate "2006.08.05"]
[EventType "swiss"]
[EventRounds "9"]
[EventCountry "SUI"]
[SourceTitle "CBM 113 Extra"]
[Source "ChessBase"]
[SourceDate "2006.09.14"]
[SourceVersion "1"]
[SourceVersionDate "2006.09.14"]
[SourceQuality "1"]

1. e4 e5 2. Nf3 Nc6 3. Bc4 Be7 4. 0-0 Nf6 5. d3 0-0 6. Nc3 d6 7. Ne2 Bg4 8. c3 Bxf3 9. gxf3 d5 10. Bb3 Qd7 11. Ng3 Rad8 12. Qe2 d4 13. c4 Qh3 14. Kh1 Nh5 15. Nf5 Bf6 16. Ba4 Ne7 17. Nxe7+ Bxe7 18. Rg1 Rd6 19. f4 exf4 20. Qg4 Qxg4 21. Rxg4 f5 22. exf5 Rxf5 23. Bd2 c6 24. Re1 Kf7 25. c5 Rg6 26. Rxg6 hxg6 27. b4 Bf6 28. Bb3+ Kf8 29. Be6 Rg5 30. Bc8 b6 31. Bd7 bxc5 32. bxc5 Be7 33. Re4 Bxc5 34. Bxf4 Nxf4 35. Rxf4+ Ke7 36. Bxc6 Re5 37. Re4 1/2-1/2

[Event "EU-ch Seniors 06th"]
[Site "Davos"]
[Date "2006.08.09"]
[Round "5"]
[White "Frank, Albert"]
[Black "Kverndal, Leif"]
[Result "0-1"]
[WhiteElo "2010"]
[BlackElo "1920"]
[PlyCount "66"]
[EventDate "2006.08.05"]
[EventType "swiss"]
[EventRounds "9"]
[EventCountry "SUI"]
[SourceTitle "CBM 113 Extra"]
[Source "ChessBase"]
[SourceDate "2006.09.14"]
[SourceVersion "1"]
[SourceVersionDate "2006.09.14"]
[SourceQuality "1"]

1. b3 Nf6 2. Bb2 d5 3. e3 g6 4. c4 c6 5. Nf3 Bg7 6. Be2 0-0 7. 0-0 Re8 8. Na3 Bg4 9. Ne5 Bxe2 10. Qxe2 Ne4 11. d3 Nc5 12. d4 Ne4 13. f3 Ng5 14. f4 Ne4 15. cxd5 cxd5 16. f5 f6 17. fxg6 fxe5 18. gxh7+ Kh8 19. dxe5 e6 20. Rf7 Nd7 21. Qg4 Bh6 22. Bd4 Ng5 23. Rff1 Rf8 24. Nb5 Qe7 25. Nd6 Rxf1+ 26. Rxf1 Rf8 27. Rc1 Qxh7 28. h4 Ne4 29. Qxe6 Ng3 30. Rc7 Bxe3+ 31. Bxe3 Rf1+ 32. Kh2 Qxh4+ 33. Qh3 Rh1# 0-1

[Event "Avoine op 21th"]
[Site "Avoine"]
[Date "2006.07.24"]
[Round "3"]
[White "Frank, Albert"]
[Black "Le Nader, Erwan"]
[Result "0-1"]
[WhiteElo "2010"]
[BlackElo "2127"]
[PlyCount "78"]
[EventDate "2006.07.22"]
[EventType "swiss"]
[EventRounds "9"]
[EventCountry "FRA"]
[SourceTitle "EXT 2007"]
[Source "ChessBase"]
[SourceDate "2006.11.23"]
[SourceVersion "1"]
[SourceVersionDate "2006.11.23"]
[SourceQuality "1"]

1. c4 Nf6 2. g3 g6 3. b3 Bg7 4. Bb2 0-0 5. Bg2 d6 6. Nf3 c5 7. 0-0 Nc6 8. Na3 Qa5 9. Nc2 Rb8 10. Qc1 a6 11. Bc3 Qc7 12. a4 b5 13. axb5 axb5 14. Ne3 e5 15. Nd5 Nxd5 16. cxd5 Nd4 17. Nxd4 exd4 18. Ba5 Qe7 19. d3 Bb7 20. Bd2 Qxe2 21. Bf4 Be5 22. Re1 Bxf4 23. Qxf4 Qxd3 24. Be4 Qxb3 25. Qxd6 c4 26. Rab1 Qc3 27. Rec1 Qa5 28. Qc5 Rfe8 29. Qxd4 Ba8 30. h4 Qd8 31. h5 Qg5 32. hxg6 hxg6 33. Bg2 Qe5 34. Qc5 Rec8 35. Qb4 Bxd5 36. Re1 Qg5 37. Re3 Bxg2 38. Kxg2 Qd5+ 39. Kg1 Qc5 0-1